Soccer Players Last Names Quiz - Statistics

General Stats
  • This quiz has been taken 1,303 times
    1,277 since last reset
  • The average score is 11 of 15
Answer Stats
First name Last name % Correct
Lionel Messi
100%
Cristiano Ronaldo
100%
Gareth Bale
95%
Zlatan Ibrahimovic
91%
Luis Suarez
91%
Manuel Neuer
84%
Angel Di maria
81%
Paul Pogba
78%
Marcus Rashford
78%
Antoine Griezmann
75%
Thomas Muller
72%
Paulo Dybala
62%
Miralem Pjanic
51%
Anthony Martial
48%
Radja Nainggolan
35%
No matching quizzes found
Score Distribution
Percent of People with Each Score
Percentile by Number Answered
Your Score History
You have not taken this quiz since the last reset